[Event "SVK-ch Region"]
[Site "Slovakia"]
[Date "2006.07.05"]
[Round "7"]
[White "Brada, Lubomir"]
[Black "Paluch, Milan"]
[Result "1/2-1/2"]
[WhiteElo "1647"]
[BlackElo "1678"]
[PlyCount "39"]
[EventDate "2006.06.04"]
[EventType "swiss"]
[EventRounds "9"]
[EventCountry "SVK"]
[SourceTitle "EXT 2007"]
[Source "ChessBase"]
[SourceDate "2006.11.23"]
[SourceVersion "1"]
[SourceVersionDate "2006.11.23"]
[SourceQuality "1"]

1. e4 c5 2. Nc3 Nc6 3. Bb5 d6 4. h3 Bd7 5. Nf3 g6 6. d3 Bg7 7. Rb1 a6 8. Bxc6 Bxc6 9. 0-0 Nf6 10. e5 Nd5 11. Nxd5 Bxd5 12. exd6 Qxd6 13. c4 Bc6 14. Re1 0-0 15. b3 e6 16. Bb2 Rad8 17. Bxg7 Kxg7 18. Re3 f5 19. Qe2 Rfe8 20. Re1 1/2-1/2

[Event "SVK-ch Region"]
[Site "Slovakia"]
[Date "2006.07.04"]
[Round "5"]
[White "Krivos Bellus, Jan"]
[Black "Paluch, Milan"]
[Result "1/2-1/2"]
[WhiteElo "1876"]
[BlackElo "1678"]
[PlyCount "48"]
[EventDate "2006.06.04"]
[EventType "swiss"]
[EventRounds "9"]
[EventCountry "SVK"]
[SourceTitle "EXT 2007"]
[Source "ChessBase"]
[SourceDate "2006.11.23"]
[SourceVersion "1"]
[SourceVersionDate "2006.11.23"]
[SourceQuality "1"]

1. d4 d5 2. c4 c6 3. Nf3 h6 4. e3 Bf5 5. Bd3 Bxd3 6. Qxd3 Nf6 7. Nc3 e6 8. 0-0 a6 9. a4 Nbd7 10. c5 Be7 11. a5 0-0 12. Bd2 Nh7 13. Ne2 f5 14. b4 Ng5 15. Ne5 Bf6 16. Nxd7 Qxd7 17. f4 Ne4 18. Nc3 Nxd2 19. Qxd2 Qf7 20. Rf3 g5 21. Ne2 g4 22. Rf2 h5 23. g3 Qg6 24. Kg2 Kg7 1/2-1/2

[Event "SVK-ch Region"]
[Site "Slovakia"]
[Date "2006.07.03"]
[Round "4"]
[White "Paluch, Milan"]
[Black "Klimes, Milan"]
[Result "0-1"]
[WhiteElo "1678"]
[BlackElo "1860"]
[PlyCount "152"]
[EventDate "2006.06.04"]
[EventType "swiss"]
[EventRounds "9"]
[EventCountry "SVK"]
[SourceTitle "EXT 2007"]
[Source "ChessBase"]
[SourceDate "2006.11.23"]
[SourceVersion "1"]
[SourceVersionDate "2006.11.23"]
[SourceQuality "1"]

1. e4 d6 2. d4 Nf6 3. Bd3 g6 4. h3 Bg7 5. Nf3 0-0 6. 0-0 Nc6 7. c3 e5 8. d5 Ne7 9. Be3 Nh5 10. c4 f5 11. Bg5 f4 12. Re1 Qe8 13. Bxe7 Qxe7 14. Nbd2 Bd7 15. Nf1 h6 16. N1h2 Nf6 17. Nd2 g5 18. Be2 Kh7 19. b3 a5 20. Ng4 b6 21. Nxf6+ Rxf6 22. Bg4 Raf8 23. Bxd7 Qxd7 24. Qh5 Rg6 25. Nf3 Bf6 26. Nh2 Bg7 27. Nf3 g4 28. hxg4 Qxg4 29. Qxg4 Rxg4 30. Nh2 Rg6 31. f3 Bf6 32. Re2 Bh4 33. Nf1 Rfg8 34. Rc1 h5 35. Kh2 Kg7 36. Rcc2 Kf6 37. Kh3 Bg3 38. Nxg3 Rxg3+ 39. Kh2 h4 40. Rf2 h3 41. Kg1 R8g7 42. Kh2 hxg2 43. Rxg2 Rh7+ 44. Kg1 Rxf3 45. Rcf2 Re3 46. Re2 Rhh3 47. Kf2 Rxe2+ 48. Kxe2 Re3+ 49. Kd2 Rxe4 50. Rg8 Ke7 51. Rg7+ Kf8 52. Rxc7 f3 53. Rh7 f2 54. Rh1 b5 55. cxb5 Rd4+ 56. Kc3 Rxd5 57. a4 Rc5+ 58. Kd3 Ke7 59. Rf1 Ke6 60. Rxf2 Rc8 61. Rh2 Kd5 62. Rh4 Rg8 63. Rh7 e4+ 64. Kc3 Rc8+ 65. Kd2 Kd4 66. Ra7 e3+ 67. Kd1 Rc3 68. Rxa5 Rxb3 69. Ra6 d5 70. Re6 Kd3 71. Kc1 Rb4 72. b6 Rxa4 73. b7 Rb4 74. Re7 d4 75. Rd7 e2 76. Re7 Rxb7 0-1

[Event "SVK-ch Region"]
[Site "Slovakia"]
[Date "2006.07.01"]
[Round "2"]
[White "Paluch, Milan"]
[Black "Prekopp, Marian"]
[Result "1-0"]
[WhiteElo "1678"]
[BlackElo "1986"]
[PlyCount "75"]
[EventDate "2006.06.04"]
[EventType "swiss"]
[EventRounds "9"]
[EventCountry "SVK"]
[SourceTitle "EXT 2007"]
[Source "ChessBase"]
[SourceDate "2006.11.23"]
[SourceVersion "1"]
[SourceVersionDate "2006.11.23"]
[SourceQuality "1"]

1. e4 d6 2. d4 Nf6 3. Bd3 g6 4. h3 Bg7 5. c3 0-0 6. Nf3 Nbd7 7. Bf4 c5 8. 0-0 Qb6 9. b3 Re8 10. Nbd2 e5 11. dxe5 Nxe5 12. Bxe5 dxe5 13. Nc4 Qc7 14. Re1 Nh5 15. Bf1 Be6 16. Ne3 Rad8 17. Qc2 a6 18. Ng5 b5 19. Nxe6 Rxe6 20. Nd5 Qb7 21. c4 b4 22. Rad1 Red6 23. Rd3 f5 24. exf5 gxf5 25. Rf3 f4 26. Qe4 Rxd5 27. cxd5 Nf6 28. Qxe5 Nxd5 29. Qe6+ Kh8 30. Bxa6 Qc7 31. Bc4 Nb6 32. Bd3 Nd5 33. Qf5 Bd4 34. Bc4 Nb6 35. Be6 Bc3 36. Rc1 Qd6 37. Rcxc3 Rf8 38. Rcd3 1-0

[Event "SVK-ch Region"]
[Site "Sklene Teplice"]
[Date "2005.??.??"]
[Round "?"]
[White "Paluch, Milan"]
[Black "Stransky, Lubomir"]
[Result "0-1"]
[WhiteElo "1700"]
[BlackElo "2044"]
[PlyCount "117"]
[EventDate "2005.??.??"]
[EventType "swiss"]
[EventRounds "9"]
[EventCountry "SVK"]
[SourceTitle "EXT 2007"]
[Source "ChessBase"]
[SourceDate "2006.11.23"]
[SourceVersion "1"]
[SourceVersionDate "2006.11.23"]
[SourceQuality "1"]

1. d4 Nf6 2. Nf3 d5 3. e3 Bg4 4. c4 e6 5. a3 Nbd7 6. Nc3 c6 7. c5 b6 8. b4 Be7 9. Be2 0-0 10. 0-0 Qc7 11. h3 Bh5 12. Re1 a5 13. Rb1 b5 14. Qc2 axb4 15. axb4 Ne4 16. Nd2 Nxd2 17. Bxd2 Bg6 18. Bd3 e5 19. Bxg6 hxg6 20. dxe5 Nxe5 21. Ne2 Nc4 22. Bc1 Bf6 23. Nd4 Ra4 24. g3 Rfa8 25. Qd3 Qd7 26. Kg2 Qe8 27. e4 Qd7 28. Nf3 Rd8 29. e5 Be7 30. Nd4 Qe8 31. Re2 Rda8 32. h4 Ra2 33. e6 f6 34. Bf4 Rxe2 35. Qxe2 Ra3 36. Qc2 g5 37. hxg5 fxg5 38. Bc1 Ra7 39. Qf5 Bf6 40. Nf3 Re7 41. Bxg5 Rxe6 42. Bxf6 Rxf6 43. Qd3 Rxf3 44. Qxf3 Nd2 45. Qd3 Nxb1 46. Qxb1 Qe5 47. Qd3 d4 48. f4 Qd5+ 49. Qf3 Qa2+ 50. Kh3 Qe6+ 51. f5 Qd7 52. Qd3 Qd5 53. g4 Qh1+ 54. Kg3 Qe1+ 55. Kf4 Qxb4 56. Qe4 Qd2+ 57. Kg3 Qe3+ 58. Qxe3 dxe3 59. Kf3 0-1